000
00250nam a22001097a 4500
008
230608b xxu||||| |||| 00| 0 eng d
082
_a
528.16
_b
DAL
100
_c
Dale and Greenway
245
_a
Kenya Trees and Shrubs
300
_a
654p
942
_2
ddc
_c
BK
999
_c
825
_d
825